| 000 | 00415nam a2200157Ia 4500 | ||
|---|---|---|---|
| 008 | 230312s9999||||xx |||||||||||||| ||und|| | ||
| 020 | _a0-07-256296-x | ||
| 082 |
_a808.51 _bLUC-A |
||
| 100 | _aLucas Stephen , E. | ||
| 245 | 0 | _aArt of Public Speaking | |
| 260 |
_bMcGraw Hill _aBoston _c2004 |
||
| 300 | _a500 | ||
| 546 | _aEng. | ||
| 650 |
_aArchitecture _vSpeaking and Listening , Presenting Speech |
||
| 942 | _cBK | ||
| 999 |
_c4585 _d4585 |
||